00195nam a2200085 4500082001300000100001600013245003800029260003400067300000800101 a517.5YUS aYusuf, S.M. aCalculus with Analytical Geometry aLahorebILmi Kitabkhanac2013 a529